logo

Bir Sreshtho Munshi Abdur Rouf Library
Jhenaidah Cadet College

২০৬১: (Record no. 11921)

MARC details
000 -LEADER
fixed length control field 00837nam a22002417a 4500
001 - CONTROL NUMBER
JCCL Control Number 11921
003 - CONTROL NUMBER IDENTIFIER
JCCL marc code BD-JhCC
005 - DATE AND TIME OF LATEST TRANSACTION
control field 20201201113225.0
008 - FIXED-LENGTH DATA ELEMENTS--GENERAL INFORMATION
fixed length control field 201201b20052017bg |||| ||a| 000 0 ben d
020 ## - INTERNATIONAL STANDARD BOOK NUMBER
International Standard Book Number 984702100173
035 ## - SYSTEM CONTROL NUMBER
system control number (BD-JhCC)11921
040 ## - CATALOGING SOURCE
Original cataloging agency BD-JhCC
Modifying agency BD-JhCC
041 ## - LANGUAGE CODE
Language code of Book ben
082 ## - DEWEY DECIMAL CLASSIFICATION NUMBER
Classification number 813.54
Author mark and Year CLA 2017
100 ## - MAIN ENTRY--PERSONAL NAME
Personal name ক্লার্ক, আর্থার সি
245 ## - TITLE STATEMENT
Title ২০৬১:
Remainder of title ওডিসি থ্রি /
Statement of responsibility, etc আর্থার সি ক্লার্ক , অনুঃ মাকসুদুজ্জামান খান ।
260 ## - PUBLICATION, DISTRIBUTION, ETC. (IMPRINT)
Place of publication, distribution, etc ঢাকা:
Name of publisher, distributor, etc BC বুক ক্লাব;
Date of publication, distribution, etc ২০১৭.
300 ## - PHYSICAL DESCRIPTION
Pagination 232 p. :
Dimensions 22 cm.
650 ## - SUBJECT ADDED ENTRY--TOPICAL TERM
Topical term or geographic name as entry element Bengali Science Fiction
700 ## - ADDED ENTRY--PERSONAL NAME
Personal name খান, মাকসুদুজ্জামান
942 ## - ADDED ENTRY ELEMENTS (KOHA)
Source of classification or shelving scheme Dewey Decimal Classification
Koha item type Books
Holdings
Source of classification or shelving scheme Damaged status Not for loan Home library Current library Shelving location Date of accession Source of acquisition Cost, normal purchase price Total Checkouts Full call number Barcode Date last seen Copy number Koha item type
Dewey Decimal Classification     JCC Rouf Library JCC Rouf Library General Stacks 12/01/2020 Lt. Gen. Mahfuzur Rahman (10th intake) 281.00   813.54 CLA 2017 16376 12/01/2020 C-1 Books

JCC Library | Contacts | JCC Home

Last Update on 23 September 2017
Copyright @ 2017-2020 JCC Rouf Library
Rouf Library, Jhenidah Cadet College (JCC), Bangladesh